| 000 | 00932cam a2200229 4500 | ||
|---|---|---|---|
| 001 | ABS66217 | ||
| 008 | 030107n2002 000 0 eng u | ||
| 035 | _a(Sirsi) u120940 | ||
| 100 | _aJohnson, R.W. | ||
| 245 | 4 | _aThe significance of cracks in low-rise buildings | |
| 260 | _c2002 | ||
| 490 |
_aStructural Survey _v20(5) 2002, 155-161(7) |
||
| 520 | _aSuggests a framework for the systematic investigation of cracking in low-rise buildings. Describes procedures to follow in detail and recommends equipment.Presents a data-gathering and assessment methodology and considers the important question of whether the cracking is significant. Plates. Table. References. (TAKEN FROM JOURNAL ABSTRACT). | ||
| 590 | _aABS | ||
| 650 | _aCRACKS | ||
| 650 | _aCRACKING | ||
| 650 | _aBUILDING SURVEYS | ||
| 650 | _aINSPECTIONS | ||
| 650 | _aLOW-RISE BUILDINGS | ||
| 690 | _aBUILT ENVIRONMENT-BUILDING INSPECTION | ||
| 942 | _n0 | ||
| 999 |
_c71891 _d71891 |
||